[Event "Caribean-chT Blitz 24th"]
[Site "San Salvador"]
[Date "2023.07.06"]
[Round "7.2"]
[White "Mejia, Camila"]
[Black "Otazo Sanchez, Annyd Gabriela"]
[Result "0-1"]
[WhiteElo "1257"]
[BlackElo "1904"]
[PlyCount "44"]
[EventDate "2023.07.06"]
[EventType "tourn (blitz)"]
[EventRounds "15"]
[EventCountry "ESA"]
[SourceTitle "CBM 215 Extra"]
[Source "ChessBase"]
[SourceDate "2023.09.30"]
[SourceVersion "1"]
[SourceVersionDate "2023.09.30"]
[SourceQuality "1"]
[WhiteTeam "Honduras"]
[BlackTeam "Venezuela"]
[WhiteTeamCountry "HON"]
[BlackTeamCountry "VEN"]

1. e4 e5 2. Nf3 Nf6 3. Nc3 Nc6 4. Bb5 Nd4 5. Nxd4 exd4 6. Ne2 c6 7. Bd3 Bc5 8. c3 dxc3 9. bxc3 0-0 10. 0-0 d5 11. exd5 Nxd5 12. Bc4 Bg4 13. d4 Bd6 14. f3 Be6 15. Bxd5 Bxd5 16. Nf4 Bc4 17. Re1 Qf6 18. Qd2 Rfe8 19. Rxe8+ Rxe8 20. Nh3 Qh4 21. Qf2 Re1+ 22. Qxe1 Qxe1# 0-1

[Event "Caribean-chT Rapid 24th"]
[Site "San Salvador"]
[Date "2023.07.05"]
[Round "12.2"]
[White "Johnson, Adaya"]
[Black "Mejia, Camila"]
[Result "0-1"]
[WhiteElo "1344"]
[BlackElo "1249"]
[PlyCount "57"]
[EventDate "2023.07.03"]
[EventType "tourn (rapid)"]
[EventRounds "15"]
[EventCountry "ESA"]
[SourceTitle "CBM 215 Extra"]
[Source "ChessBase"]
[SourceDate "2023.09.30"]
[SourceVersion "1"]
[SourceVersionDate "2023.09.30"]
[SourceQuality "1"]
[WhiteTeam "Trinidad and Tobago"]
[BlackTeam "Honduras"]
[WhiteTeamCountry "TRI"]
[BlackTeamCountry "HON"]

1. e4 e5 2. Nf3 Nc6 3. Bc4 Nf6 4. d3 Bc5 5. 0-0 0-0 6. Be3 Bb6 7. Nc3 d6 8. d4 exd4 9. Nxd4 Nxd4 10. Bxd4 Re8 11. Bxb6 axb6 12. f3 c6 13. Qd2 Be6 14. b3 Bxc4 15. bxc4 Qd7 16. Rae1 h6 17. e5 dxe5 18. Qxd7 Nxd7 19. f4 exf4 20. Rxe8+ Rxe8 21. Rxf4 Re1+ 22. Kf2 Rc1 23. Rd4 Nc5 24. Rd2 f5 25. Ke3 Kf7 26. Kf4 Ke6 27. Re2+ Kf6 28. g4 g5+ 29. Kf3 0-1

[Event "Caribean-chT Rapid 24th"]
[Site "San Salvador"]
[Date "2023.07.04"]
[Round "10.2"]
[White "Otazo Sanchez, Annyd Gabriela"]
[Black "Mejia, Camila"]
[Result "1-0"]
[WhiteElo "1890"]
[BlackElo "1249"]
[PlyCount "93"]
[EventDate "2023.07.03"]
[EventType "tourn (rapid)"]
[EventRounds "15"]
[EventCountry "ESA"]
[SourceTitle "CBM 215 Extra"]
[Source "ChessBase"]
[SourceDate "2023.09.30"]
[SourceVersion "1"]
[SourceVersionDate "2023.09.30"]
[SourceQuality "1"]
[WhiteTeam "Venezuela"]
[BlackTeam "Honduras"]
[WhiteTeamCountry "VEN"]
[BlackTeamCountry "HON"]

1. e4 e5 2. d4 exd4 3. Nf3 Nc6 4. Bc4 d6 5. 0-0 Be6 6. Bxe6 fxe6 7. Nxd4 Nxd4 8. Qxd4 e5 9. Qb4 b6 10. Nc3 Nf6 11. Bg5 Qd7 12. Qc4 Be7 13. a4 h6 14. Bxf6 gxf6 15. Rfd1 a5 16. Rd3 Rc8 17. Nb5 Rf8 18. c3 f5 19. b4 fxe4 20. Qxe4 axb4 21. cxb4 Qf5 22. Qxf5 Rxf5 23. Rc3 c5 24. bxc5 dxc5 25. a5 bxa5 26. Rxa5 c4 27. Ra6 Rb8 28. Nc7+ Kd7 29. g4 Kxc7 30. gxf5 Rb4 31. Rxh6 Kd7 32. f6 Bf8 33. Rh7+ Ke8 34. Rc7 Bd6 35. R7xc4 Rxc4 36. Rxc4 Kf7 37. Rc6 Bf8 38. Kg2 Bh6 39. h4 e4 40. Kg3 e3 41. fxe3 Bxe3 42. Kg4 Kg6 43. h5+ Kf7 44. Kf5 Bh6 45. Rc7+ Kf8 46. Kg6 Bd2 47. Rc8# 1-0

[Event "Online Olym Div3 E"]
[Site "Chess.com INT"]
[Date "2021.08.28"]
[Round "4.3"]
[White "Van Wyk, Keisha C"]
[Black "Mejia, Camila"]
[Result "0-1"]
[WhiteElo "1207"]
[BlackElo "1264"]
[PlyCount "72"]
[EventDate "2021.08.27"]
[EventType "team-tourn (rapid)"]
[EventRounds "9"]
[EventCountry "USA"]
[SourceTitle "CBM 204 Extra"]
[Source "ChessBase"]
[SourceDate "2021.11.30"]
[SourceVersion "1"]
[SourceVersionDate "2021.11.30"]
[SourceQuality "1"]
[WhiteTeam "Namibia"]
[BlackTeam "Honduras"]
[WhiteTeamCountry "NAM"]
[BlackTeamCountry "HON"]

1. e4 e5 2. Nf3 Nc6 3. d4 exd4 4. Nxd4 Nxd4 5. Qxd4 d6 6. Nc3 Be6 7. Be2 Nf6 8. Be3 Be7 9. 0-0 c5 10. Qd2 0-0 11. Rad1 Qb6 12. b3 Rad8 13. Bg5 Qb4 14. Qe3 h6 15. Bxf6 Bxf6 16. Nd5 Bxd5 17. Rxd5 Rfe8 18. Bd3 Re5 19. Re1 Bg5 20. Qe2 Bd2 21. Rf1 g6 22. f4 Rxd5 23. exd5 Bxf4 24. Qg4 Be3+ 25. Kh1 Qxg4 26. Rf3 Re8 27. Bb5 Re7 28. Bd3 Bf4 29. h3 Qg5 30. Kg1 Bg3 31. c4 Re1+ 32. Bf1 Re3 33. Rxe3 Qxe3+ 34. Kh1 Qf2 35. Bd3 Qe1+ 36. Bf1 Qxf1# 0-1